000
00391nam a2200145Ia 4500
008
100122s9999 xx 000 0 und d
082
_b
67037
_a
823
100
_a
असलेकर प्रशांत
245
_a
व्याध
260
_b
मधुरा प्रकाशन
_c
2005
300
_a
272
630
_a
व्याध
730
_a
व्याध
942
_c
BOOK
999
_c
439350
_d
439347